LEADER 01078nam0-2200361li-450 001 990000244580203316 005 20180312154817.0 010 $a0-387.94188-6 035 $a0024458 035 $aUSA010024458 035 $a(ALEPH)000024458USA01 035 $a0024458 100 $a200199511209--------y0itay0103----ba 101 0 $aeng 102 $aUS 200 1 $aBasic relativity$fRichard A. Mould 210 $aNew Yorl [etc.]$cSpringer-Verlag,copyr. 1994 215 $aXIV, 452 p.$cill.$d24 cm 610 1 $arelativita'$ateoria 676 $a53011$9Teoria della relativita' 700 1$aMould,$bRichard A.$042830 801 $aSistema bibliotecario di Ateneo dell' Universitą di Salerno$gRICA 912 $a990000244580203316 951 $a530.11 MOU$b17789/CBS$c530.11$d00219236 959 $aBK 969 $aSCI 979 $c19951120 979 $c20001110$lUSA01$h1715 979 $c20020403$lUSA01$h1632 979 $aPATRY$b90$c20040406$lUSA01$h1618 979 $aRSIAV7$b90$c20090713$lUSA01$h1009 996 $aBasic relativity$9185308 997 $aUNISA LEADER 01427nam2-2200385li-450 001 990000127140203316 005 20180312154832.0 010 $a0-677-20050-1 035 $a0012714 035 $aUSA010012714 035 $a(ALEPH)000012714USA01 035 $a0012714 100 $a20001109g19611985km-y0itay0103----ba 101 0 $aeng 102 $aII 200 1 $aAsymptotic methods in the theory of non-linear oscillations$fN.N. Bogoliubov and Y.A. Mitropolsky$gtranslated from the Russian 210 $aDelhi$cHindustan Publishing Corporation ; New York [etc.]$cGordon and Breach$dcopyr. 1961 (stampa 1985) 215 $aX, 537 p.$cill.$d24 cm 225 2 $aRussian monographs and texts on the physical sciences$v0 410 0$10010012715$12001$aRussian monographs and texts on the physical sciences 610 1 $aoscillazioni 676 $a53132$9Dinamica dei solidi (Vibrazioni e oscillazioni) 700 1$aBogoljubov,$bNikolaj Nikolaevic$0746185 702 1$aMitropolsky,$bY.A. 801 $aSistema bibliotecario di Ateneo dell' Universitą di Salerno$gRICA 912 $a990000127140203316 951 $a531.32 BOG$b0001108 959 $aBK 969 $aTEC 979 $c19910703 979 $c20001110$lUSA01$h1711 979 $c20020403$lUSA01$h1620 979 $aPATRY$b90$c20040406$lUSA01$h1609 996 $aAsymptotic methods in the theory of non-linear oscillations$91501150 997 $aUNISA LEADER 00405nam##22001217##450# 001 9910551650203321 010 $a9788860877475 100 $a########d########u##y0engy50####ba 105 0 $a########00### 200 1 $aEugenio Lecaldano : l'etica, la storia della filosofia e l'impegno civile / a cura di Piergiorgio Donatelli e Maurizio Mori. 912 $a9910551650203321 996 $aEugenio Lecaldano$91467275 997 $aUNINA LEADER 01866nam 2200565 450 001 9910789175703321 005 20230803034221.0 010 $a92-5-307549-X 035 $a(CKB)3710000000075669 035 $a(EBL)3239137 035 $a(SSID)ssj0001128726 035 $a(PQKBManifestationID)11590679 035 $a(PQKBTitleCode)TC0001128726 035 $a(PQKBWorkID)11067256 035 $a(PQKB)10742485 035 $a(MiAaPQ)EBC3239137 035 $a(EXLCZ)993710000000075669 100 $a20131225d2013 uy 0 101 0 $afre 135 $aur|n|---||||| 181 $ctxt 182 $cc 183 $acr 200 10$aMetodologi?a y buena gestio?n de emergencias $eElementos fundamentales : Gui?a de preparacio?n para emergencias zoosanitarias /$fNick Honhold [and four others] 210 1$aRome, Italy :$cOrganizacio?n de las Naciones Unidas para la Alimentacio?n y la Agricultura,$d2013. 210 4$d©2013 215 $a1 online resource (148 p.) 225 0 $aFAO Produccio?n Y Sanidad Animal Manual,$x1810-1143 ;$vVolume 11 300 $aDescription based upon print version of record. 311 $a92-5-307000-5 410 0$aManual FAO de produccio?n y sanidad animal 606 $aExercise$xHealth aspects 606 $aEmergency management 606 $aAnimal health 606 $aFirst aid for animals 606 $aVeterinary emergencies 615 0$aExercise$xHealth aspects. 615 0$aEmergency management. 615 0$aAnimal health. 615 0$aFirst aid for animals. 615 0$aVeterinary emergencies. 676 $a613.71 700 $aHonhold$b Nick$01505234 801 0$bMiAaPQ 801 1$bMiAaPQ 801 2$bMiAaPQ 906 $aBOOK 912 $a9910789175703321 996 $aMetodologi?a y buena gestio?n de emergencias$93734702 997 $aUNINA LEADER 00990nam0-2200277 --450 001 9910889888303321 005 20241011174522.0 100 $a20241011d1957----kmuy0itay5050 ba 101 0 $aita 102 $aIT 105 $a 001yy 200 1 $aRelazione del presidente Paolo Bonomi$e11. Congresso nazionale$eRoma 10-11 Aprile 1957, stadio di Domiziano sul Palatino 210 $aRoma$cStabilimento tipografico Ramo Editoriale degli Agricoltori$d1957 215 $a551 p.$d24 300 $aIn testa al front.: Confederazione nazionale coltivatori diretti. 610 0 $aColtivatori diretti$aCongressi$a1957 676 $a338.106045$v23$zita 700 1$aBonomi,$bPaolo$f<1910-1985>$01252550 712 02$aConfederazione nazionale coltivatori diretti 801 0$aIT$bUNINA$gREICAT$2UNIMARC 901 $aBK 912 $a9910889888303321 952 $aA AGR 1463$b14134/2024$fFAGBC 959 $aFAGBC 996 $aRelazione del presidente Paolo Bonomi$92903769 997 $aUNINA